LIBRARY ONLINE CATALOGUE

Buganda in modern history. (Record no. 12611)

MARC details
000 -LEADER
fixed length control field 00568cam a22002052 4500
001 - CONTROL NUMBER
control field 0000001568
005 - DATE AND TIME OF LATEST TRANSACTION
control field 20151217155812.0
008 - FIXED-LENGTH DATA ELEMENTS--GENERAL INFORMATION
fixed length control field 070315s xx 000 0 eng d
020 ## - INTERNATIONAL STANDARD BOOK NUMBER
International Standard Book Number 29700221X :
040 ## - CATALOGING SOURCE
Original cataloging agency KABU
Transcribing agency KABU
050 #0 - LIBRARY OF CONGRESS CALL NUMBER
Classification number DT433.29
Item number .B8L69
100 1# - MAIN ENTRY--PERSONAL NAME
Personal name Low, D. A.
-- 0000150422
245 10 - TITLE STATEMENT
Title Buganda in modern history.
260 ## - PUBLICATION, DISTRIBUTION, ETC. (IMPRINT)
Place of publication, distribution, etc. London :
Name of publisher, distributor, etc. Weidenfeld & Nicolson,
Date of publication, distribution, etc. 1971.
300 ## - PHYSICAL DESCRIPTION
Extent xii, 265 p.
651 #0 - SUBJECT ADDED ENTRY--GEOGRAPHIC NAME
Geographic name Buganda
General subdivision History.
-- 0000148715
908 ## - PUT COMMAND PARAMETER (RLIN)
Put command parameter 070315
950 ## - LOCAL HOLDINGS (RLIN)
-- 1
Holdings
Withdrawn status Lost status Source of classification or shelving scheme Not for loan Home library Current library Date acquired Total Checkouts Full call number Barcode Date last seen Price effective from Koha item type
    Library of Congress Classification   Kabarak, Main Campus Kabarak, Main Campus 17/12/2015   DT433.29 .B8L69 006537 17/12/2015 17/12/2015 Africana Collection